| 000 | 00427nam a2200169 a 4500 | ||
|---|---|---|---|
| 005 | 20140414132137.0 | ||
| 008 | 140221s19uu xx 00 eng d | ||
| 020 | _a9780064440219 | ||
| 050 |
_aTR _bFr92 1971 |
||
| 100 | _aLobel, Arnold | ||
| 245 | _aFrog and toad together. | ||
| 260 |
_aNew York : _bHarperCollins Pub, _cc1971. |
||
| 300 | _a65 | ||
| 650 |
_aFrog- _xfiction |
||
| 650 |
_aToad- _xfiction |
||
| 999 |
_c115326 _d115326 |
||